Prime Ministers of Iraq - Statistics

General Stats
  • This quiz has been taken 3 times
  • The average score is 8 of 80
Answer Stats
Years Served Answer % Correct
2022 - Present Mohammed Shia' al-Sudani
67%
1979 - 1991 Saddam Hussein
67%
1994 - 2003 Saddam Hussein
67%
1920 - 1922 Abd Al-Rahman Al-Gillani
33%
1922 - 1923 Abdul Muhsin al-Sa'dun
33%
1925 - 1926 Abdul Muhsin al-Sa'dun
33%
1928 - 1929 Abdul Muhsin al-Sa'dun
33%
1929 Abdul Muhsin al-Sa'dun
33%
2018 - 2020 Adil Abdul-Mahdi
33%
2003 Ahmed al-Chalabi
33%
2003 Ayad Allawi
33%
2004 - 2005 Ayad Allawi
33%
2014 - 2018 Haider al-Abadi
33%
2003 Ibrahim al-Jaafari
33%
2005 - 2006 Ibrahim al-Jaafari
33%
1923 - 1924 Ja'far al-Askari
33%
1926 - 1928 Ja'far al-Askari
33%
2020 - 2022 Mustafa Al-Kadhimi
33%
2006 - 2014 Nouri al-Maliki
33%
1924 - 1925 Yasin al-Hashimi
33%
1935 - 1936 Yasin al-Hashimi
33%
2003 Abdul Aziz al-Hakim
0%
1958 - 1963 Abdul-Karim Qasim
0%
1965 - 1966 Abdul-Rahman al-Bazzaz
0%
1967 Abdul Rahman Arif
0%
1968 Abdul Razzaq an-Naif
0%
1957 - 1958 Abdul-Wahab Mirjan
0%
2004 Adnan al-Pachachi
0%
1993 - 1994 Ahmad HusaynKhudayir as-Samarrai
0%
1958 Ahmad Mukhtar Baban
0%
1963 Ahmed Hassan al-Bakr
0%
1968 - 1979 Ahmed Hassan al-Bakr
0%
1934 - 1935 Ali Jawdat Al-Ayyubi
0%
1957 Ali Jawdat Al-Ayyubi
0%
1949 - 1950 Ali Jawdat Al-Ayyubi1
0%
1965 Arif Abdul Razzaq
0%
1946 Arshad al-Umari
0%
1954 Arshad al-Umari
0%
2004 Ezzedine Salim
0%
2004 Ghazi Mashal Ajil al-Yawer
0%
1944 - 1946 Hamdi al-Pachachi
0%
1936 - 1937 Hikmat Sulayman
0%
2003 Jalal Talabani
0%
1933 - 1934 Jamil Al Midfai
0%
1935 Jamil Al Midfai
0%
1937 - 1938 Jamil Al Midfai
0%
1941 Jamil Al Midfai
0%
1953 Jamil Al Midfai
0%
2004 Masoud Barzani
0%
1948 Mohammad al-Sadr
0%
2003 Mohammad Bahr al-Uloom
0%
2004 Mohammad Bahr al-Uloom
0%
1991 - 1993 Mohammed Hamza Zubeidi
0%
2004 Mohsen Abdel Hamid
0%
1953 - 1954 Muhammad Fadhel al-Jamali
0%
1952 Mustafa Mahmud al-Umari
0%
1948 - 1949 Muzahim al-Pachachi
0%
1929 - 1930 Naji Al-Suwaidi
0%
1932 - 1933 Naji Shawkat
0%
1966 - 1967 Naji Talib
0%
1952 - 1953 Nureddin Mahmud
0%
1930 - 1932 Nuri al-Said
0%
1938 - 1940 Nuri al-Said
0%
1941 - 1944 Nuri al-Said
0%
1946 - 1947 Nuri al-Said
0%
1949 Nuri al-Said
0%
1950 - 1952 Nuri al-Said
0%
1954 - 1957 Nuri al-Said
0%
1958 Nuri al-Said
0%
1933 Rashid Ali al-Gaylani
0%
1940 - 1941 Rashid Ali al-Gaylani
0%
1941 Rashid Ali al-Gaylani
0%
1991 Sa'dun Hammadi
0%
1947 - 1948 Salih Jabr
0%
1941 Taha al-Hashimi
0%
1963 - 1965 Tahir Yahya
0%
1967 - 1968 Tahir Yahya
0%
1929 Tawfiq al-Suwaidi
0%
1946 Tawfiq al-Suwaidi
0%
1950 Tawfiq al-Suwaidi
0%
No matching quizzes found
Score Distribution
Percent of People with Each Score
Percentile by Number Answered
Your Score History
You have not taken this quiz